ARRUPE JESUIT UNIVERSITY

CORONAVIRUS -STOP THE SPREAD - CLEAN,DISINFECT,COVER

The Oblate assault on Canada's northwest / (Record no. 119918)

MARC details
000 -LEADER
fixed length control field 01319nam a2200349 a 4500
001 - CONTROL NUMBER
control field 1627277
003 - CONTROL NUMBER IDENTIFIER
control field ARRUPE
005 - DATE AND TIME OF LATEST TRANSACTION
control field 20140204145257.0
008 - FIXED-LENGTH DATA ELEMENTS--GENERAL INFORMATION
fixed length control field 950222s1995 oncab b 001 0 eng d
010 ## - LIBRARY OF CONGRESS CONTROL NUMBER
LC control number 95202004
015 ## - NATIONAL BIBLIOGRAPHY NUMBER
National bibliography number C95-900269-3
020 ## - INTERNATIONAL STANDARD BOOK NUMBER
International Standard Book Number 0776604023 (alk. paper) :
Terms of availability $26.00
035 ## - SYSTEM CONTROL NUMBER
System control number (OCoLC)32387052
040 ## - CATALOGING SOURCE
Original cataloging agency CaOONL
Language of cataloging eng
Transcribing agency CaOONL
Modifying agency DLC
042 ## - AUTHENTICATION CODE
Authentication code lccopycat
043 ## - GEOGRAPHIC AREA CODE
Geographic area code n-cn---
050 00 - LIBRARY OF CONGRESS CALL NUMBER
Classification number BX3821.Z5
Item number C46 1995
055 02 - CLASSIFICATION NUMBERS ASSIGNED IN CANADA
Classification number BX3821*
082 00 - DEWEY DECIMAL CLASSIFICATION NUMBER
Classification number 266/.2712
Edition number 20
300 ## - PHYSICAL DESCRIPTION
Other physical details ill., maps ;
Dimensions 23 cm.
100 1# - MAIN ENTRY--PERSONAL NAME
Personal name Choquette, Robert,
Dates associated with a name 1938-
9 (RLIN) 7860
245 14 - TITLE STATEMENT
Title The Oblate assault on Canada's northwest /
Statement of responsibility, etc Robert Choquette.
260 ## - PUBLICATION, DISTRIBUTION, ETC. (IMPRINT)
Place of publication, distribution, etc Ottawa :
Name of publisher, distributor, etc University of Ottawa Press,
Date of publication, distribution, etc c1995.
300 ## - PHYSICAL DESCRIPTION
Extent vii, 258 p. :
440 #0 - SERIES STATEMENT/ADDED ENTRY--TITLE
Title Religions and beliefs series ;
Volume number/sequential designation no. 3
9 (RLIN) 7861
504 ## - BIBLIOGRAPHY, ETC. NOTE
Bibliography, etc Includes bibliographical references (p. [239]-253) and index.
610 20 - SUBJECT ADDED ENTRY--CORPORATE NAME
Corporate name or jurisdiction name as entry element Oblates of Mary Immaculate
General subdivision History
Chronological subdivision 19th century.
9 (RLIN) 7862
610 20 - SUBJECT ADDED ENTRY--CORPORATE NAME
Corporate name or jurisdiction name as entry element Catholic Church
General subdivision Missions
Geographic subdivision Northwest, Canadian
General subdivision History
Chronological subdivision 19th century.
9 (RLIN) 7863
650 #0 - SUBJECT ADDED ENTRY--TOPICAL TERM
Topical term or geographic name as entry element Missions
Geographic subdivision Northwest, Canadian
General subdivision History
Chronological subdivision 19th century.
9 (RLIN) 7864
906 ## - LOCAL DATA ELEMENT F, LDF (RLIN)
a 7
b cbc
c copycat
d 3
e ncip
f 19
g y-gencatlg
942 ## - ADDED ENTRY ELEMENTS (KOHA)
Source of classification or shelving scheme Library of Congress Classification
Koha item type Monograph ( Printed materials)
Holdings
Withdrawn status Lost status Source of classification or shelving scheme Damaged status Not for loan Collection code Home library Current library Shelving location Date acquired Total Checkouts Full call number Barcode Date last seen Price effective from Koha item type
    Library of Congress Classification     Main Collection ARRUPE LIBRARY ARRUPE LIBRARY Main Collection 04/02/2014   BX3821.Z5 C3 1995 46411998 22/11/2017 04/02/2014 Monograph ( Printed materials)

 

Arrupe Library. PO Box MP320 Mt Pleasant, Harare, Zimbabwe
263 242 745411|librarian@aju.ac.zw